Lietuviu makslo draugijos paveldas Lietuvos mokslu akademijos Vrublevskiu bibliotekoje : (Record no. 353325)
[ view plain ]
| 000 -LEADER | |
|---|---|
| fixed length control field | 00754nam a2200217 a 4500 |
| 001 - CONTROL NUMBER | |
| control field | 001095154 |
| 003 - CONTROL NUMBER IDENTIFIER | |
| control field | AM-YeHGA |
| 005 - DATE AND TIME OF LATEST TRANSACTION | |
| control field | 20250617151536.0 |
| 008 - FIXED-LENGTH DATA ELEMENTS--GENERAL INFORMATION | |
| fixed length control field | 150731s2014 li 000 0 eng d |
| 020 ## - INTERNATIONAL STANDARD BOOK NUMBER | |
| International Standard Book Number | 9789986498636 |
| 040 ## - CATALOGING SOURCE | |
| Original cataloging agency | AM-YeHGA |
| 041 0# - LANGUAGE CODE | |
| Language code of text/sound track or separate title | lit |
| 090 ## - LOCALLY ASSIGNED LC-TYPE CALL NUMBER (OCLC); LOCAL CALL NUMBER (RLIN) | |
| -- | 355142 |
| 245 00 - TITLE STATEMENT | |
| Title | Lietuviu makslo draugijos paveldas Lietuvos mokslu akademijos Vrublevskiu bibliotekoje : |
| Remainder of title | bibliografijos rodykle / |
| Statement of responsibility, etc. | sudare Egle Paskeviciute-Kundrotiene. |
| 260 ## - PUBLICATION, DISTRIBUTION, ETC. | |
| Place of publication, distribution, etc. | Vilnius : |
| Name of publisher, distributor, etc. | Lietuvos mokslu akademijos Vrublevskiu biblioteka, |
| Date of publication, distribution, etc. | 2014. |
| 300 ## - PHYSICAL DESCRIPTION | |
| Extent | 130 p. : |
| Other physical details | ill. |
| 504 ## - BIBLIOGRAPHY, ETC. NOTE | |
| Bibliography, etc. note | Includes bibliogr. references and index |
| 610 20 - SUBJECT ADDED ENTRY--CORPORATE NAME | |
| Corporate name or jurisdiction name as entry element | Lithuanian Scientific Society |
| General subdivision | Heritage |
| 650 14 - SUBJECT ADDED ENTRY--TOPICAL TERM | |
| Topical term or geographic name entry element | Bibliography |
| 700 1# - ADDED ENTRY--PERSONAL NAME | |
| Personal name | Paskeviciute-Kundrotiene, Egle |
| Withdrawn status | Lost status | Damaged status | Not for loan | Collection | Home library | Current library | Date acquired | Cost, normal purchase price | Shelving control number | Total checkouts | Full call number | Barcode | Date last seen | Price effective from | Koha item type | Public note |
|---|---|---|---|---|---|---|---|---|---|---|---|---|---|---|---|---|
| General | Fundamental Scientific Library | Fundamental Scientific Library | 11/01/2017 | 4000.00 | И II/115553 | FL0349268 | 11/01/2017 | 11/01/2017 | Գրքեր / Books | 30 Days Loan |
ՀՀ Գիտությունների ազգային ակադեմիայի հիմնարար գիտական գրադարան = Fundamental Scientific Library of NAS RA
All site content, except where otherwise noted, is licensed under a